Vstup EÚ do novej vývojovej fázy

Výsledky summitu EÚ v Laekene /14.-15. decembra 2001/. Reformy pre oživenie EÚ. Návrh ústavy EÚ. Slovenská republika - spolutvorca budúcej podoby EÚ. Piata hodnotiaca správa o pripravenosti Slovenska na vstup do EÚ.

Gespeichert in:
Bibliographische Detailangaben
1. Verfasser: Šíbl, Drahoš
Weitere Verfasser: Mogyorosiová, Zuzana, 1975-
Format: Buchkapitel
Sprache:Slowakisch
Schlagworte:
Tags: Tag hinzufügen
Keine Tags, Fügen Sie das erste Tag hinzu!

MARC

LEADER 00000naa a2200000 4500
001 r049674
005 20240502071344.8
041 0 |a slo 
044 |a SK 
245 1 0 |a Vstup EÚ do novej vývojovej fázy  |c Drahoš Šíbl, Zuzana Mogyorosiová 
520 |a Výsledky summitu EÚ v Laekene /14.-15. decembra 2001/. Reformy pre oživenie EÚ. Návrh ústavy EÚ. Slovenská republika - spolutvorca budúcej podoby EÚ. Piata hodnotiaca správa o pripravenosti Slovenska na vstup do EÚ. 
610 2 0 |a Európska únia 
610 2 0 |a reformy 
610 2 0 |a oživenie 
610 2 0 |a ústava 
610 2 0 |a Slovensko 
100 1 |a Šíbl, Drahoš 
700 1 |a Mogyorosiová, Zuzana, 1975-